| 000 | 00470nam a22001817a 4500 | ||
|---|---|---|---|
| 005 | 20250205162647.0 | ||
| 008 | 250205b |||||||| |||| 00| 0 eng d | ||
| 020 | _a1352000740 (Paperback) | ||
| 050 |
_aKD 750 _b.B87 2017 |
||
| 100 | _aBurton Frances | ||
| 245 | _aCore Statutes on Family law 2017-18 | ||
| 260 |
_aUK _bPalgrave _cc2017 |
||
| 300 | _ax, 413 p.; | ||
| 500 | _aincludes index | ||
| 650 | _2Family law | ||
| 700 | _aBurton Frances | ||
| 942 |
_2lcc _cBK _n0 |
||
| 999 |
_c3456 _d3456 |
||